| 000 | 01323nam a2200325 c 4500 | ||
|---|---|---|---|
| 003 | BLK | ||
| 005 | 20220225123624.0 | ||
| 008 | 180408b bul|||||r ||||||| ||bul|| | ||
| 010 | _aKNG00083503000 | ||
| 020 |
_a978-954-357-137-6 _bиздат.: ЕМАС |
||
| 040 | _aBLK | ||
| 041 |
_aBUL _cBUL |
||
| 080 |
_aАмериканска литература (на САЩ) _b821.111(73) _x-054.7(=927)-312.4 _z821.111(73)-054.7(=927)-312.4 |
||
| 100 | 1 |
_aХури, Реймънд _eпърви автор _9369932 |
|
| 700 | 1 |
_aДончева-Стаматова, Антоанета Антонова _eпрев. _9365601 |
|
| 139 |
_aХури, Реймънд _bХ 95 |
||
| 245 | 1 | 0 |
_aМисия Уроборос _bРоман _cРеймънд Хури; прев. Антоанета Антонова Дончева-Стаматова. |
| 257 | _aUSA | ||
| 260 |
_аСофия _bЕМАС _bГлобус _c2008 _fСофия : Експреспринт |
||
| 300 |
_a347 с. _c20 см |
||
| 380 | _aX | ||
| 500 | _aОриг. изд. The Sanctuary / Raymond Khoury. - Офс. изд. | ||
| 653 | _aтрилъри | ||
| 653 | _aромани | ||
| 852 | _aЦб 239852 | ||
| 856 | 4 |
_qpdf _u |
|
| 856 | 4 |
_qpdf _u |
|
| 942 |
_cKNG _n0 _013 |
||
| 944 |
_aCR _c24.04.2008 _lф / _kГеновева_Генчева |
||
| 944 |
_aED _c14.12.2016 _lф / _kЛюдмила_Стоянова |
||
| 999 |
_c79031 _d79031 |
||